A note on comparisons of occupational data in the 1921 and 1931 censuses, (Record no. 81444)

MARC details
000 -LEADER
fixed length control field 00703cam a22002171 4500
001 - CONTROL NUMBER
control field sa 68006681
003 - CONTROL NUMBER IDENTIFIER
control field DLC
005 - DATE AND TIME OF LATEST TRANSACTION
control field 20260227112518.0
008 - FIXED-LENGTH DATA ELEMENTS--GENERAL INFORMATION
fixed length control field 710915s1957 br 00010 eng
010 ## - LIBRARY OF CONGRESS CONTROL NUMBER
LC control number sa 68006681 //r92
040 ## - CATALOGING SOURCE
Original cataloging agency DLC
Transcribing agency DLC
Modifying agency DLC
043 ## - GEOGRAPHIC AREA CODE
Geographic area code a-br---
050 00 - LIBRARY OF CONGRESS CALL NUMBER
Classification number HB2726.7
Item number .S9
100 10 - MAIN ENTRY--PERSONAL NAME
Personal name Sundrum, R. M.
245 12 - TITLE STATEMENT
Title A note on comparisons of occupational data in the 1921 and 1931 censuses,
Statement of responsibility, etc. by R. M. Sundrum.
260 0# - PUBLICATION, DISTRIBUTION, ETC.
Place of publication, distribution, etc. [Rangoon]
Name of publisher, distributor, etc. Departments of Economics, Statistics & Commerce, University of Rangoon,
Date of publication, distribution, etc. 1957.
300 ## - PHYSICAL DESCRIPTION
Extent 11 p.
Dimensions 27 cm.
440 #0 - SERIES STATEMENT/ADDED ENTRY--TITLE
Title Economics research project: economic paper
Volume/sequential designation no. 4
500 ## - GENERAL NOTE
General note Cover title.
650 #0 - SUBJECT ADDED ENTRY--TOPICAL TERM
Topical term or geographic name entry element Occupations
Geographic subdivision Burma.

No items available.

Powered by Koha